书目信息 |
| 题名: |
邢统
|
|
| 作者: | 窦仪 撰 | |
| 分册: | 第六册 | |
| 出版信息: | 北京 文物出版社 1982.10 |
|
| 页数: | 1册 | |
| 开本: | 18*13cm | |
| 丛书名: | 嘉业堂丛书 | |
| 单 册: | ||
| 中图分类: | D929.44 | |
| 科图分类: | ||
| 主题词: | 法律--中国 | |
| 电子资源: | ||
| ISBN: | ||
| 000 | 00754nam0 2200265 450 | |
| 001 | 0636123157 | |
| 005 | 20061019101250.26 | |
| 010 | @b线装@dCNY54.00(函) | |
| 100 | @a20061019d1982 km y0chiy0120 ea | |
| 101 | 0 | @achi |
| 102 | @aCN@b110000 | |
| 102 | @aCN@b110000 | |
| 200 | 1 | @a邢统@Axing tong@h第六册@f(宋)窦仪等撰@F(song)dou yi deng zhuan |
| 210 | @a北京@b北京五四大街29号@c文物出版社@d1982.10 | |
| 215 | @a1册@d18*13cm | |
| 225 | 2 | @a嘉业堂丛书 |
| 300 | @a第一至第八册为一函,共三十卷 | |
| 305 | @a吴兴刘氏嘉业堂刊本 | |
| 306 | @a本书为1982.10文物出版社木板印刷 | |
| 410 | 0 | @12001 @a嘉业堂丛书 |
| 606 | 0 | @a法律@x中国 |
| 690 | @aD929.44@v3 | |
| 701 | 0 | @a窦仪@Adou yi@4撰 |
| 801 | 0 | @aCN@bPFT@c20061019 |
| 905 | @a10447@dD929.44@e2:6 | |
| 邢统.第六册/(宋)窦仪等撰.-北京(北京五四大街29号):文物出版社,1982.10 |
| 1册;18*13cm.-(嘉业堂丛书) |
| 第一至第八册为一函,共三十卷 |
| ISBN (线装):CNY54.00(函) |
| ● |
| 相关链接 |
|
|
|
|
正题名:邢统
索取号:D929.44/2:6
 
预约/预借
| 序号 | 登录号 | 条形码 | 馆藏地/架位号 | 状态 | 备注 |
| 1 | 0222492 | 202406422 | 古籍典藏专区/ [索取号:D929.44/2:6] | 在馆 | |
| 2 | 0222500 | 202406413 | 古籍典藏专区/ [索取号:D929.44/2:6] | 在馆 |